Statistics for Top Five African Countries by Category #2

Click here to take the quiz!

General Stats

  • This quiz has been taken 8,987 times
  • The average score is 23 of 27

Answer Stats

Country% Correct
South Africa
98%
D.R. Congo
96%
Niger
96%
South Sudan
95%
Nigeria
94%
Ethiopia
90%
Somalia
90%
Sudan
90%
Kenya
89%
Angola
87%
Chad
87%
Zimbabwe
87%
Tanzania
86%
Zambia
86%
Namibia
85%
Botswana
84%
Eritrea
84%
Central African Republic
82%
Mozambique
80%
Seychelles
80%
Mauritius
78%
Djibouti
77%
Burundi
75%
Cameroon
75%
Gabon
75%
Liberia
73%
Equatorial Guinea
71%

Score Distribution

Percentile by Number Answered

Percent of People with Each Score

Your Score History

You have not taken this quiz